Archivos de historia potosina /

Guardado en:
Autor Corporativo: Academia de Historia Potosina
Formato: Revista
Idioma:Spanish
Publicado: San Luis Potosí, S.L.P. : Academia de Historia Potosina, 1969.
Materias:
Etiquetas: Agregar Etiqueta
Sin Etiquetas, Sea el primero en etiquetar este registro!
LEADER 00610nas a2200181 4500
001 CARPC.004239
005 20080606161600.0
008 050926u1969####mx#q|#p#######0###b0spa||
022 |a 0004-055X 
210 0 |a Archivos de historia potosina 
245 0 0 |a Archivos de historia potosina /  |c Academia de Historia Potosina. 
260 |a San Luis Potosí, S.L.P. :  |b Academia de Historia Potosina,  |c 1969. 
310 |a Trimestral. 
362 0 |a No. 1 (1969) - no. 57 (1989). 
710 2 |a Academia de Historia Potosina 
653 |a Historia 
653 |a MÉxico 
866 |9 EHU  |a 1979 11; 1980 11(44-45/46); 1981 12(46/47)  |s 972/Ar25